Imitación de Cristo
Zapisane w:
| 1. autor: | |
|---|---|
| Format: | Książka |
| Język: | hiszpański |
| Wydane: |
Buenos Aires
Bonum
2008
|
| Wydanie: | 4a. ed |
| Hasła przedmiotowe: | |
| Etykiety: |
Dodaj etykietę
Nie ma etykietki, Dołącz pierwszą etykiete!
|
MARC
| LEADER | 00000cam a2200000 a 4500 | ||
|---|---|---|---|
| 001 | UCB0087 | ||
| 003 | CL-VaPUC | ||
| 005 | 20210427001424.0 | ||
| 008 | 191206e20080000ag spa d | ||
| 020 | |a 9789505076550 | ||
| 082 | 0 | 4 | |a 248.22 |b KEM |2 21 |
| 100 | |a Kempis, Tomás de |e author |9 605386 | ||
| 245 | 1 | 0 | |a Imitación de Cristo |
| 250 | |a 4a. ed | ||
| 260 | |a Buenos Aires |b Bonum |c 2008 | ||
| 300 | |a 364 p | ||
| 583 | |a last modification |c 20191206 10:52:00 |k Rodrigo Vera | ||
| 650 | 0 | 0 | |a Cristología |9 315091 |
| 650 | 0 | 0 | |a Imitación |9 310497 |
| 942 | |c BK | ||
| 945 | |a dcastane |d 20191206 10:52:00 | ||
| 999 | |c 376311 |d 376309 | ||
| 952 | |0 0 |1 0 |3 erb |4 0 |6 248_220000000000000_KEM_2008 |7 0 |8 A |9 495685 |a BIBTEO |b BIBTEO |i 5607876 |o 248.22 KEM 2008 |p 5607876 |r 2025-01-17 |w 2020-01-06 |y BK |z Catalogado en:20191206 |k ICR | ||